000 00551nam a2200217Ia 4500
003 OSt
005 20220923230829.0
006 a|||||r|||| 00| 0
007 ta
008 Pun
024 _a305,943
037 _cTextual
040 _aARTS
_cARTS
_bPun
041 _2Pun
_aPun
082 _aQ8441k, 153K0
100 _aਪਦਮ, ਪਿਆਰਾ ਸਿੰਘ
245 0 _aਗੁਰਬਾਣੀ ਕੋF
260 _c1960
942 _hQ8441k, 153K0
_cTEXL
_2CC
999 _c387730
_d387730